[Event "Turkey Cup 2019"]
[Site "Belek"]
[Date "2019.01.28"]
[Round "2.3"]
[White "Kamer, Kayra"]
[Black "Kilic, Cihan"]
[Result "1-0"]
[WhiteElo "2417"]
[BlackElo "1886"]
[Annotator "TA"]
[PlyCount "47"]
[EventDate "2019.01.27"]
[EventType "swiss"]
[EventCountry "TUR"]
[SourceTitle "playchess.com"]
[Source "ChessBase"]
[SourceQuality "1"]

1. g3 Nf6 2. Bg2 e6 3. e4 d5 4. e5 Nfd7 5. d4 c5 6. c3 Nc6 7. Ne2 b5 8. O-O Bb7 9. f4 Qb6 10. a4 b4 11. f5 cxd4 12. cxd4 Ba6 13. fxe6 fxe6 14. Be3 O-O-O 15. Nd2 Ndxe5 16. a5 Qb5 17. Nf4 Nd3 18. Nxe6 Re8 19. Qg4 Kb8 20. Bf4+ Nce5 21. Qf5 Qd7 22. Bxe5+ Nxe5 23. Qxe5+ Bd6 24. Nc5 1-0

[Event "Turkey Cup 2019"]
[Site "Belek"]
[Date "2019.01.28"]
[Round "2.4"]
[White "Uzuner, Tufan Can"]
[Black "Arat, Ufuk Sezen"]
[Result "0-1"]
[WhiteElo "1889"]
[BlackElo "2361"]
[Annotator "TA"]
[PlyCount "96"]
[EventDate "2019.01.27"]
[EventType "swiss"]
[EventCountry "TUR"]
[SourceTitle "playchess.com"]
[Source "ChessBase"]
[SourceQuality "1"]

1. d4 Nf6 2. Nf3 d6 3. c4 g6 4. Nc3 Bg7 5. Bg5 Nbd7 6. e3 h6 7. Bh4 g5 8. Bg3 Nh5 9. Qc2 e6 10. Be2 Ndf6 11. Nd2 Qe7 12. Rd1 Nxg3 13. hxg3 h5 14. b4 g4 15. Nb3 Nd7 16. c5 a6 17. cxd6 cxd6 18. Rc1 Nb6 19. a4 Bd7 20. a5 Na4 21. Na2 Rc8 22. Qd2 Rxc1+ 23. Naxc1 Bc6 24. Rh2 h4 25. Bxg4 hxg3 26. Rxh8+ Bxh8 27. f4 Qh4 28. Bh3 Qh7 29. Nd3 Qe4 30. Kd1 Bb5 31. Nbc1 Qc6 32. Ke2 Nc3+ 33. Ke1 Ne4 34. Qb2 f5 35. Ke2 Bf6 36. Ke1 Kd7 37. Qb3 Qc4 38. Qxc4 Bxc4 39. Nb2 Bb5 40. Nd1 Kc6 41. Nb3 Ba4 42. Nd2 Nxd2 43. Kxd2 Bxd1 44. Kxd1 Kd5 45. Kc2 Ke4 46. d5 exd5 47. Kb3 d4 48. exd4 Bxd4 0-1

[Event "Turkey Cup 2019"]
[Site "Belek"]
[Date "2019.01.28"]
[Round "2.5"]
[White "Koksal, Ege"]
[Black "Benk, Tolga Tugay"]
[Result "1-0"]
[WhiteElo "2360"]
[BlackElo "1863"]
[Annotator "TA"]
[PlyCount "61"]
[EventDate "2019.01.27"]
[EventType "swiss"]
[EventCountry "TUR"]
[SourceTitle "playchess.com"]
[Source "ChessBase"]
[SourceQuality "1"]

1. d4 Nf6 2. c4 e6 3. Nf3 Bb4+ 4. Bd2 Qe7 5. g3 b6 6. Bg2 Bb7 7. O-O Bxd2 8. Qxd2 O-O 9. Nc3 d6 10. d5 e5 11. e4 a5 12. Ne1 Na6 13. Nd3 Nd7 14. f4 Nac5 15. f5 f6 16. g4 a4 17. Nxc5 Nxc5 18. Rf3 Ba6 19. Bf1 g5 20. h4 h6 21. Rh3 Rf7 22. Be2 Rh7 23. Kg2 Rf8 24. Rah1 Rff7 25. Qc2 Qe8 26. R1h2 Bc8 27. Nb5 Ba6 28. hxg5 hxg5 29. Rxh7 Rxh7 30. Rxh7 Kxh7 31. Nxc7 1-0

[Event "Turkey Cup 2019"]
[Site "Belek"]
[Date "2019.01.28"]
[Round "2.6"]
[White "Aydin, Hakan Arda"]
[Black "Ozen, Bahadir"]
[Result "1/2-1/2"]
[WhiteElo "1915"]
[BlackElo "2349"]
[Annotator "TA"]
[PlyCount "54"]
[EventDate "2019.01.27"]
[EventType "swiss"]
[EventCountry "TUR"]
[SourceTitle "playchess.com"]
[Source "ChessBase"]
[SourceQuality "1"]

1. e4 e5 2. Nf3 Nc6 3. Bc4 Bc5 4. c3 Nf6 5. d3 d6 6. O-O a5 7. a4 Ba7 8. Nbd2 O-O 9. h3 Ne7 10. Re1 Ng6 11. Nf1 c6 12. Be3 h6 13. Ba2 Re8 14. Bxa7 Rxa7 15. d4 Qc7 16. Qc2 Be6 17. Bxe6 Rxe6 18. Rad1 Ra8 19. Ng3 Ree8 20. Nf5 Rad8 21. dxe5 dxe5 22. b4 Rxd1 23. Rxd1 Rd8 24. Rxd8+ Qxd8 25. Ne3 b5 26. axb5 cxb5 27. bxa5 Qxa5 1/2-1/2

[Event "Turkey Cup 2019"]
[Site "Belek"]
[Date "2019.01.28"]
[Round "2.7"]
[White "Olcum, Ahmet"]
[Black "Demirbas, Emre"]
[Result "1-0"]
[WhiteElo "2320"]
[BlackElo "1823"]
[Annotator "TA"]
[PlyCount "89"]
[EventDate "2019.01.27"]
[EventType "swiss"]
[EventCountry "TUR"]
[SourceTitle "playchess.com"]
[Source "ChessBase"]
[SourceQuality "1"]

1. d4 d5 2. Bf4 Nf6 3. e3 c5 4. c3 g6 5. Nd2 Bg7 6. Be2 Nc6 7. h3 Nd7 8. Ngf3 e5 9. dxe5 Ndxe5 10. Nxe5 Nxe5 11. Nf3 Nc6 12. Qb3 Qb6 13. O-O Qxb3 14. axb3 Bf5 15. Bb5 Ke7 16. Bxc6 bxc6 17. Ra5 Bc2 18. Rfa1 Rhd8 19. Rxc5 Bxb3 20. Ra6 Rd7 21. Raxc6 Rad8 22. Ne5 Bxe5 23. Bxe5 Kf8 24. Bf6 Re8 25. Rc8 Rb7 26. Bg7+ Ke7 27. R8c7+ Rxc7 28. Rxc7+ Ke6 29. Rxa7 Rb8 30. Bd4 h5 31. h4 Rb5 32. Kh2 Rb8 33. Kg3 Rb5 34. Kf4 Bc4 35. b4 Bf1 36. Bc5 Bxg2 37. Kg5 f6+ 38. Kxg6 Be4+ 39. Kxh5 Rb8 40. Kg4 Rg8+ 41. Kf4 f5 42. f3 Bd3 43. h5 Rh8 44. Re7+ Kf6 45. Bd4+ 1-0

[Event "Turkey Cup 2019"]
[Site "Belek"]
[Date "2019.01.28"]
[Round "2.8"]
[White "Peker, Serdar"]
[Black "Sevgi, Volkan"]
[Result "0-1"]
[WhiteElo "1830"]
[BlackElo "2292"]
[Annotator "TA"]
[PlyCount "52"]
[EventDate "2019.01.27"]
[EventType "swiss"]
[EventCountry "TUR"]
[SourceTitle "playchess.com"]
[Source "ChessBase"]
[SourceQuality "1"]

1. e4 c6 2. Nf3 d5 3. Nc3 Bg4 4. h3 Bxf3 5. Qxf3 e6 6. d3 Nd7 7. g3 Bb4 8. Bd2 Qb6 9. O-O-O d4 10. Nb1 Ne7 11. Bxb4 Qxb4 12. Nd2 b5 13. Qh5 e5 14. f4 Qd6 15. Bg2 a5 16. Nf3 Ng6 17. Nh4 Nxh4 18. gxh4 a4 19. fxe5 Nxe5 20. Rhf1 O-O 21. Qg5 b4 22. h5 h6 23. Qg3 b3 24. a3 bxc2 25. Rd2 Rab8 26. Kxc2 Rxb2+ 0-1

[Event "Turkey Cup 2019"]
[Site "Belek"]
[Date "2019.01.28"]
[Round "2.9"]
[White "Karadeniz, Ali Emre"]
[Black "Onem, Cem"]
[Result "0-1"]
[WhiteElo "2257"]
[BlackElo "1840"]
[Annotator "TA"]
[PlyCount "126"]
[EventDate "2019.01.27"]
[EventType "swiss"]
[EventCountry "TUR"]
[SourceTitle "playchess.com"]
[Source "ChessBase"]
[SourceQuality "1"]

1. d4 d5 2. c4 e6 3. Nc3 Nf6 4. cxd5 exd5 5. Bg5 Nbd7 6. e3 h6 7. Bh4 Be7 8. Bd3 O-O 9. Nge2 b6 10. O-O Bb7 11. f3 c5 12. Kh1 a6 13. Bc2 c4 14. a3 b5 15. Bf2 Qb6 16. g4 a5 17. Ng3 g6 18. Nce2 b4 19. Nf4 Bd6 20. Rg1 Nh7 21. h4 Qc7 22. Nfe2 Ndf6 23. Qf1 Kh8 24. Qh3 Qd7 25. Kg2 Rg8 26. Rh1 b3 27. Bd1 Bc8 28. Qh2 h5 29. g5 Ne8 30. Nc3 Bb7 31. f4 f5 32. Nxh5 gxh5 33. Bxh5 Nef6 34. Bf3 Ne4 35. Be1 Nhf6 36. Kf1 Ng4 37. Bxg4 fxg4 38. Nxe4 dxe4 39. Bc3 Qf5 40. Ke2 Kh7 41. Qg2 Bd5 42. Rag1 Be6 43. h5 Be7 44. g6+ Kh6 45. Rh2 Bf6 46. Qg3 a4 47. Qe1 Rh8 48. Rgh1 Ra7 49. Qg3 Kg7 50. Kf2 Rh6 51. Qg1 Ra8 52. Kg3 Rah8 53. Qe1 Rxh5 54. d5 Rxh2 55. Rxh2 Rxh2 56. Kxh2 Qxd5 57. Qh4 Bxc3 58. Qh7+ Kf8 59. bxc3 Qd2+ 60. Kh1 Qd1+ 61. Kh2 g3+ 62. Kxg3 Qg4+ 63. Kf2 Qf3+ 0-1

[Event "Turkey Cup 2019"]
[Site "Belek"]
[Date "2019.01.28"]
[Round "2.10"]
[White "Gundogan, Sinem Cagla"]
[Black "Ozenir, Ekin Baris"]
[Result "0-1"]
[WhiteElo "1860"]
[BlackElo "2267"]
[Annotator "TA"]
[PlyCount "80"]
[EventDate "2019.01.27"]
[EventType "swiss"]
[EventCountry "TUR"]
[SourceTitle "playchess.com"]
[Source "ChessBase"]
[SourceQuality "1"]

1. e4 e6 2. d4 d5 3. e5 c5 4. c3 Nc6 5. Nf3 Qb6 6. a3 Nh6 7. b4 cxd4 8. cxd4 Nf5 9. Be3 Bd7 10. Be2 Rc8 11. O-O Be7 12. g4 Nxe3 13. fxe3 Qd8 14. Qd3 f5 15. gxf5 exf5 16. Nc3 Be6 17. Na4 b6 18. Ne1 O-O 19. Ng2 g5 20. Bf3 Qd7 21. Nc3 Kh8 22. Rad1 a5 23. b5 Na7 24. a4 Rc4 25. Nxd5 Bxd5 26. Bxd5 Qxd5 27. Rxf5 Rfc8 28. Rdf1 Rc1 29. e4 Qc4 30. Qxc4 R8xc4 31. Rf7 Nc8 32. Rxc1 Rxc1+ 33. Kf2 Rc4 34. Ke3 Rxa4 35. d5 Kg8 36. Rf1 Bc5+ 37. Kd3 Rd4+ 38. Kc3 Rxe4 39. d6 Nxd6 40. exd6 Bxd6 0-1

[Event "Turkey Cup 2019"]
[Site "Belek"]
[Date "2019.01.28"]
[Round "2.11"]
[White "Tarlabasi, Emirhan"]
[Black "Bayik, Hasan"]
[Result "1-0"]
[WhiteElo "2264"]
[BlackElo "1825"]
[Annotator "TA"]
[PlyCount "55"]
[EventDate "2019.01.27"]
[EventType "swiss"]
[EventCountry "TUR"]
[SourceTitle "playchess.com"]
[Source "ChessBase"]
[SourceQuality "1"]

1. d4 d5 2. c4 c6 3. e3 Nf6 4. Nf3 e6 5. Nbd2 Nbd7 6. Bd3 Be7 7. O-O O-O 8. e4 dxe4 9. Nxe4 Nxe4 10. Bxe4 Nf6 11. Bc2 c5 12. Qd3 cxd4 13. Bg5 g6 14. Nxd4 Nh5 15. Bh6 Ng7 16. Qc3 Bf6 17. Rad1 Qe7 18. Qf3 Rd8 19. Nb5 Ne8 20. Rxd8 Qxd8 21. Rd1 Qe7 22. c5 Bg7 23. Bxg7 Kxg7 24. Qc3+ f6 25. Qd4 e5 26. Qd8 Qxd8 27. Rxd8 Kf7 28. Nd6+ 1-0

[Event "Turkey Cup 2019"]
[Site "Belek"]
[Date "2019.01.28"]
[Round "2.12"]
[White "Yuksel, Davut Can"]
[Black "Gunduz, Umut Erdem"]
[Result "0-1"]
[WhiteElo "1836"]
[BlackElo "2255"]
[Annotator "TA"]
[PlyCount "60"]
[EventDate "2019.01.27"]
[EventType "swiss"]
[EventCountry "TUR"]
[SourceTitle "playchess.com"]
[Source "ChessBase"]
[SourceQuality "1"]

1. d4 Nf6 2. c4 c5 3. d5 e6 4. Nc3 exd5 5. cxd5 d6 6. g3 g6 7. Bg2 Bg7 8. Nf3 O-O 9. O-O a6 10. a4 Nbd7 11. h3 Re8 12. Nd2 Qc7 13. Nc4 Ne5 14. Na3 c4 15. f4 Qc5+ 16. Kh2 Neg4+ 17. hxg4 Nxg4+ 18. Kh1 Bxc3 19. bxc3 Nf2+ 20. Rxf2 Qxf2 21. e4 Bf5 22. Qf3 Qe1+ 23. Qf1 Qxg3 24. Bd2 Bxe4 25. Bxe4 Qh4+ 26. Kg1 Rxe4 27. Qf2 Qg4+ 28. Kf1 Rae8 29. Re1 Qh3+ 30. Kg1 Qd3 0-1

[Event "Turkey Cup 2019"]
[Site "Belek"]
[Date "2019.01.28"]
[Round "2.13"]
[White "Metin, Mehmet"]
[Black "Cam, Vedat"]
[Result "1/2-1/2"]
[WhiteElo "2197"]
[BlackElo "1882"]
[Annotator "TA"]
[PlyCount "100"]
[EventDate "2019.01.27"]
[EventType "swiss"]
[EventCountry "TUR"]
[SourceTitle "playchess.com"]
[Source "ChessBase"]
[SourceQuality "1"]

1. Nf3 g6 2. c4 Bg7 3. d4 d6 4. g3 Nf6 5. Bg2 O-O 6. O-O c6 7. Nc3 Qc7 8. h3 e5 9. e4 h6 10. Be3 Nbd7 11. b3 Kh7 12. Qd2 Re8 13. Rad1 b6 14. Rfe1 Bf8 15. Nh2 Bb7 16. f4 Rad8 17. Ng4 Ng8 18. h4 h5 19. Nh2 Ndf6 20. Bh3 Bc8 21. f5 gxf5 22. exf5 exd4 23. Bxd4 d5 24. Rxe8 Qxg3+ 25. Qg2 Qxg2+ 26. Kxg2 Rxe8 27. cxd5 Nxd5 28. Nxd5 cxd5 29. Nf3 f6 30. Rc1 Bd6 31. Rc6 Rd8 32. Rc1 Re8 33. Kf2 Bd7 34. Rg1 Re4 35. Bf1 Bxf5 36. Bd3 Rf4 37. Bxf5+ Rxf5 38. Re1 Bc5 39. Bxc5 bxc5 40. Kg3 d4 41. Re6 Rd5 42. Ra6 Rd7 43. Rc6 Ne7 44. Rxc5 Kg6 45. Kf4 Nd5+ 46. Ke4 Nc3+ 47. Kd3 Nxa2 48. Nxd4 Nb4+ 49. Kc4 Na6 50. Ra5 Nc7 1/2-1/2

[Event "Turkey Cup 2019"]
[Site "Belek"]
[Date "2019.01.28"]
[Round "2.14"]
[White "Selvi, Kaan"]
[Black "Kiremitciyan, Ari"]
[Result "0-1"]
[WhiteElo "1854"]
[BlackElo "2253"]
[Annotator "TA"]
[PlyCount "60"]
[EventDate "2019.01.27"]
[EventType "swiss"]
[EventCountry "TUR"]
[SourceTitle "playchess.com"]
[Source "ChessBase"]
[SourceQuality "1"]

1. e4 e5 2. Nc3 Nf6 3. f4 d5 4. fxe5 Nxe4 5. Qf3 Nxc3 6. bxc3 Be7 7. Ne2 O-O 8. Nf4 d4 9. Bd3 Nc6 10. O-O Nxe5 11. Bxh7+ Kxh7 12. Qh5+ Kg8 13. Qxe5 Bf6 14. Qe1 dxc3 15. dxc3 Qd6 16. Kh1 Qe5 17. Qf2 Bd7 18. Ba3 Rfe8 19. Rab1 Bc6 20. c4 Qg5 21. Rb3 Re4 22. Bc1 Qf5 23. Rh3 Rxf4 24. Bxf4 Qxh3 25. Bxc7 Re8 26. Bg3 a6 27. Kg1 Qg4 28. h3 Qxc4 29. Re1 Rxe1+ 30. Qxe1 Qxc2 0-1

[Event "Turkey Cup 2019"]
[Site "Belek"]
[Date "2019.01.28"]
[Round "2.15"]
[White "Isik, Alparslan"]
[Black "Zekeriyaoglu, Ersen"]
[Result "1-0"]
[WhiteElo "2244"]
[BlackElo "1759"]
[Annotator "TA"]
[PlyCount "87"]
[EventDate "2019.01.27"]
[EventType "swiss"]
[EventCountry "TUR"]
[SourceTitle "playchess.com"]
[Source "ChessBase"]
[SourceQuality "1"]

1. Nf3 d5 2. d4 e6 3. c4 f5 4. Bf4 Nf6 5. e3 Bd6 6. Ne5 O-O 7. Nc3 Ne4 8. c5 Bxe5 9. Bxe5 Nc6 10. Bg3 b6 11. Nxe4 fxe4 12. Rc1 Bd7 13. Be2 a6 14. cxb6 cxb6 15. O-O b5 16. Rc5 Rc8 17. Qc2 Nb4 18. Qc3 Rxc5 19. Qxc5 Nd3 20. Bxd3 exd3 21. Rd1 Qc8 22. Bc7 b4 23. Rxd3 Bb5 24. Rd1 b3 25. axb3 Qd7 26. Rc1 Rc8 27. Qb6 g5 28. Rc5 Qf7 29. Be5 Rxc5 30. Qd8+ Qe8 31. Qxg5+ Qg6 32. Qxg6+ hxg6 33. dxc5 g5 34. g4 Kf7 35. Kg2 Bc6 36. Kg3 Kg6 37. f4 Bb7 38. fxg5 Kxg5 39. h4+ Kg6 40. Kf4 Kf7 41. h5 Bc6 42. g5 Be8 43. g6+ Kg8 44. Kg5 1-0

[Event "Turkey Cup 2019"]
[Site "Belek"]
[Date "2019.01.28"]
[Round "2.16"]
[White "Isik, Kadri"]
[Black "Dogan, Nazmi Can"]
[Result "1/2-1/2"]
[WhiteElo "1820"]
[BlackElo "2244"]
[Annotator "TA"]
[PlyCount "77"]
[EventDate "2019.01.27"]
[EventType "swiss"]
[EventCountry "TUR"]
[SourceTitle "playchess.com"]
[Source "ChessBase"]
[SourceQuality "1"]

1. e4 c5 2. Nf3 Nc6 3. Bb5 g6 4. Bxc6 dxc6 5. d3 Bg7 6. O-O e5 7. Be3 b6 8. Nbd2 Qc7 9. Nc4 Be6 10. Nfd2 Nf6 11. f4 Ng4 12. f5 Nxe3 13. Nxe3 Bd7 14. Qe1 f6 15. fxg6 hxg6 16. Qg3 Rh6 17. Nf5 Bxf5 18. exf5 g5 19. a4 Qd7 20. a5 b5 21. Qf2 Bf8 22. Ne4 Qd4 23. c3 Qxf2+ 24. Kxf2 Rd8 25. Rad1 Kf7 26. h3 Be7 27. Ke3 Rhh8 28. Rf2 Rd7 29. Rfd2 Re8 30. Rh1 Bf8 31. g4 Be7 32. h4 Rh8 33. h5 Rhd8 34. Rhd1 Bf8 35. a6 Re8 36. Kf3 Red8 37. Ke3 Re8 38. Kf3 Red8 39. Ke3 1/2-1/2

[Event "Turkey Cup 2019"]
[Site "Belek"]
[Date "2019.01.28"]
[Round "2.18"]
[White "Eke, Salih"]
[Black "Yuksel, Atilla Koksal"]
[Result "0-1"]
[WhiteElo "1801"]
[BlackElo "2236"]
[Annotator "TA"]
[PlyCount "99"]
[EventDate "2019.01.27"]
[EventType "swiss"]
[EventCountry "TUR"]
[SourceTitle "playchess.com"]
[Source "ChessBase"]
[SourceQuality "1"]

1. d4 d5 2. c4 e6 3. Nf3 Nf6 4. Nc3 c6 5. cxd5 exd5 6. Bf4 Bd6 7. Ne5 O-O 8. e3 Bf5 9. Bd3 Bxd3 10. Qxd3 Qe7 11. O-O Nbd7 12. Nxd7 Nxd7 13. Bxd6 Qxd6 14. Rab1 a5 15. Rfc1 f5 16. Na4 f4 17. Nc5 fxe3 18. Qxe3 Rae8 19. Qg3 Qxg3 20. hxg3 Nxc5 21. dxc5 Re2 22. Rf1 Rc2 23. b4 axb4 24. Rxb4 Rf7 25. f3 Rxc5 26. Re1 g6 27. Re2 Rd7 28. Kf2 Rc1 29. Rbb2 Kf7 30. g4 d4 31. Rbc2 Ra1 32. Rc4 Rd5 33. f4 c5 34. a4 Rb1 35. Kf3 b6 36. g3 Rb3+ 37. Kf2 Ra3 38. Rb2 Rd6 39. f5 gxf5 40. gxf5 Kf6 41. Rb5 Rc6 42. Kg2 Ke5 43. Rb1 Kxf5 44. Rc2 Ke4 45. Re2+ Re3 46. Rf2 Rg6 47. Rf4+ Kd3 48. Rf3 Rf6 49. Ra1 Kc2 50. Ra2+ 0-1

[Event "Turkey Cup 2019"]
[Site "Belek"]
[Date "2019.01.28"]
[Round "2.19"]
[White "Aydincelebi, Kagan"]
[Black "Onur, Cem"]
[Result "1-0"]
[WhiteElo "2206"]
[BlackElo "1885"]
[Annotator "TA"]
[PlyCount "31"]
[EventDate "2019.01.27"]
[EventType "swiss"]
[EventCountry "TUR"]
[SourceTitle "playchess.com"]
[Source "ChessBase"]
[SourceQuality "1"]

1. e4 c5 2. Nf3 e6 3. c3 d5 4. exd5 exd5 5. d4 Nf6 6. Bb5+ Bd7 7. Bxd7+ Nbxd7 8. O-O Be7 9. dxc5 Nxc5 10. Nbd2 O-O 11. Nb3 Qd7 12. Nxc5 Bxc5 13. Bg5 Ne4 14. Qd3 f6 15. Be3 Rad8 16. Qc2 1-0

[Event "Turkey Cup 2019"]
[Site "Belek"]
[Date "2019.01.28"]
[Round "2.21"]
[White "Nazli, Sertan"]
[Black "Gulbeyaz, Emir"]
[Result "0-1"]
[WhiteElo "1811"]
[BlackElo "2179"]
[Annotator "TA"]
[PlyCount "40"]
[EventDate "2019.01.27"]
[EventType "swiss"]
[EventCountry "TUR"]
[SourceTitle "playchess.com"]
[Source "ChessBase"]
[SourceQuality "1"]

1. e4 d6 2. d4 Nf6 3. Nc3 e5 4. Nf3 Nbd7 5. Bc4 Be7 6. O-O O-O 7. Re1 c6 8. a4 a5 9. d5 Nb6 10. Bf1 Bg4 11. Qd3 cxd5 12. exd5 Rc8 13. Nd2 Bh5 14. Nde4 Nxe4 15. Nxe4 f5 16. Nc3 Nc4 17. f4 e4 18. Nxe4 fxe4 19. Qxe4 Bh4 20. g3 Re8 0-1

[Event "Turkey Cup 2019"]
[Site "Belek"]
[Date "2019.01.28"]
[Round "2.22"]
[White "Aytekin, Murat Eren"]
[Black "Sar, Can"]
[Result "1/2-1/2"]
[WhiteElo "2163"]
[BlackElo "1812"]
[Annotator "TA"]
[PlyCount "112"]
[EventDate "2019.01.27"]
[EventType "swiss"]
[EventCountry "TUR"]
[SourceTitle "playchess.com"]
[Source "ChessBase"]
[SourceQuality "1"]

1. d4 Nf6 2. c4 e6 3. Nf3 a6 4. Nc3 d5 5. cxd5 exd5 6. Bg5 Be6 7. e3 Nbd7 8. Bd3 h6 9. Bh4 Bd6 10. O-O c6 11. Rb1 O-O 12. Bg3 Qc7 13. b4 Rfe8 14. Na4 Ne4 15. Bxd6 Nxd6 16. Qc2 Ne4 17. Nc5 Bf5 18. a4 Rac8 19. Rfc1 Nf8 20. Nd2 Nxd2 21. Qxd2 Bxd3 22. Qxd3 Qe7 23. b5 axb5 24. axb5 Ne6 25. bxc6 bxc6 26. Qa6 Rc7 27. Qb6 Nxc5 28. Rxc5 Rec8 29. Rbc1 Qd7 30. e4 dxe4 31. d5 Qd6 32. dxc6 Qd4 33. h3 e3 34. fxe3 Qxe3+ 35. Kh1 Rxc6 36. Rxc6 Qxb6 37. Rxc8+ Kh7 38. R8c7 Qf2 39. R7c3 g6 40. Rf3 Qa7 41. Rcf1 Kg7 42. h4 h5 43. Rf4 Qe7 44. Kh2 Qc7 45. g3 Qe7 46. R1f2 Qd7 47. Re2 Qc7 48. Rfe4 Kf8 49. Re8+ Kg7 50. R8e7 Qc5 51. R7e4 Qc7 52. Rf2 Qb7 53. Ref4 Qe7 54. Kg2 Qb7+ 55. R2f3 Qb2+ 56. Kh3 Qb7 1/2-1/2

[Event "Turkey Cup 2019"]
[Site "Belek"]
[Date "2019.01.28"]
[Round "2.23"]
[White "Kisadere, Kutay"]
[Black "Yeke, Serkan"]
[Result "0-1"]
[WhiteElo "1809"]
[BlackElo "2117"]
[Annotator "TA"]
[PlyCount "74"]
[EventDate "2019.01.27"]
[EventType "swiss"]
[EventCountry "TUR"]
[SourceTitle "playchess.com"]
[Source "ChessBase"]
[SourceQuality "1"]

1. c4 e5 2. Nc3 Nc6 3. Nf3 f5 4. e3 Nf6 5. d4 e4 6. Nd2 g6 7. Be2 Bg7 8. O-O O-O 9. f3 exf3 10. Bxf3 d6 11. Nb3 Bd7 12. c5 a6 13. cxd6 cxd6 14. Nd2 Kh8 15. Nc4 b5 16. Nd2 Qb6 17. g3 Rae8 18. Nb3 b4 19. Nd5 Nxd5 20. Bxd5 Ne7 21. Bg2 Ng8 22. a3 bxa3 23. Rxa3 Nf6 24. Re1 Bb5 25. Qf3 Ne4 26. Nd2 Ng5 27. Qf2 Re7 28. h4 Ne4 29. Nxe4 fxe4 30. Qc2 d5 31. Bd2 Ref7 32. Bb4 Rf2 33. Qxf2 Rxf2 34. Kxf2 Bxd4 35. Bc3 Bxc3 36. Rxc3 Bd3 37. b3 Qf6+ 0-1

[Event "Turkey Cup 2019"]
[Site "Belek"]
[Date "2019.01.28"]
[Round "2.24"]
[White "Ererdem, Gani Eren"]
[Black "Kazik, Oguz Kagan"]
[Result "1-0"]
[WhiteElo "2137"]
[BlackElo "1771"]
[Annotator "TA"]
[PlyCount "209"]
[EventDate "2019.01.27"]
[EventType "swiss"]
[EventCountry "TUR"]
[SourceTitle "playchess.com"]
[Source "ChessBase"]
[SourceQuality "1"]

1. d4 Nf6 2. Nf3 e6 3. c4 b6 4. a3 Bb7 5. Nc3 d6 6. Qc2 c5 7. dxc5 bxc5 8. Bf4 Be7 9. e3 O-O 10. Bd3 Nbd7 11. O-O Qb6 12. Rfd1 h6 13. h3 Rfd8 14. Rab1 d5 15. cxd5 exd5 16. b4 c4 17. Be2 Nf8 18. Nd4 Ne6 19. Bh2 Nxd4 20. Rxd4 Rac8 21. Bf3 Rd7 22. g4 Rcd8 23. Bg2 a5 24. Qf5 axb4 25. axb4 Qa6 26. Qc2 Qa3 27. Nb5 Qa6 28. Nc3 Ba8 29. Rdd1 Qb6 30. Be5 Nh7 31. Bd4 Qe6 32. b5 Bf6 33. Ra1 Bb7 34. Ra7 Bxd4 35. Rxd4 Qb6 36. Ra1 Ng5 37. Rad1 Ne6 38. R4d2 d4 39. exd4 Nxd4 40. Qb1 Nf3+ 41. Bxf3 Rxd2 42. Rxd2 Rxd2 43. Qe1 Rd8 44. Bxb7 Qxb7 45. Qe2 Qc7 46. Qe4 Qc5 47. Kg2 Rd3 48. Qe8+ Qf8 49. Qe5 Qa8+ 50. Ne4 c3 51. f3 c2 52. Qc5 Qb8 53. Qxc2 Qxb5 54. Qc8+ Kh7 55. Qc7 Qd5 56. Qc2 Kg8 57. Qc8+ Qd8 58. Qc4 Rd4 59. Qc5 Ra4 60. Qe5 Ra2+ 61. Kg3 Ra5 62. Qb2 Qd1 63. Qc3 Qg1+ 64. Kh4 Ra8 65. Kh5 Qg2 66. h4 Qh2 67. Qe1 Ra5+ 68. g5 hxg5 69. Nxg5 Ra8 70. Qe4 g6+ 71. Kh6 Rc8 72. Qd4 Kf8 73. Nh7+ Ke7 74. Qf6+ Kd7 75. Qxf7+ Kc6 76. Qxg6+ Kb7 77. Qe4+ Rc6+ 78. Kh5 Qg2 79. Ng5 Qg3 80. f4 Qb3 81. Qe7+ Kb6 82. Qd8+ Kb7 83. Qd7+ Kb6 84. Qd4+ Ka6 85. Kg4 Qg8 86. h5 Kb7 87. Qd7+ Kb6 88. Qd4+ Kb7 89. Qb4+ Ka7 90. Qa5+ Kb7 91. Qb5+ Kc7 92. Qf5 Kd8 93. Kh4 Ke8 94. Qe5+ Kd7 95. Qf5+ Ke8 96. Kg4 Kd8 97. Qd3+ Ke7 98. Qd4 Qc8+ 99. Kh4 Qg8 100. Qa7+ Kf6 101. Qd7 Re6 102. Qxe6+ Qxe6 103. Nxe6 Kxe6 104. Kg5 Kf7 105. Kf5 1-0

[Event "Turkey Cup 2019"]
[Site "Belek"]
[Date "2019.01.28"]
[Round "2.25"]
[White "Usluoglu, Servet"]
[Black "Karaoglan, Doruk"]
[Result "0-1"]
[WhiteElo "1783"]
[BlackElo "2142"]
[Annotator "TA"]
[PlyCount "78"]
[EventDate "2019.01.27"]
[EventType "swiss"]
[EventCountry "TUR"]
[SourceTitle "playchess.com"]
[Source "ChessBase"]
[SourceQuality "1"]

1. e4 c5 2. Nf3 d6 3. d4 cxd4 4. Nxd4 Nf6 5. Nc3 g6 6. Be3 Bg7 7. f3 O-O 8. Qd2 Nc6 9. O-O-O d5 10. Nxc6 bxc6 11. e5 Ne8 12. Bh6 Bxe5 13. Bxf8 Kxf8 14. f4 Bg7 15. Be2 Qa5 16. a3 Rb8 17. Rde1 Nd6 18. Bd3 Qb6 19. b3 Qd4 20. Qe2 Be6 21. Na4 Qxf4+ 22. Qd2 Qf6 23. c3 Nf5 24. Kb2 d4 25. c4 Ne3 26. Nc5 Qe5 27. Nxe6+ Qxe6 28. Ka2 Kg8 29. h4 Qg4 30. Re2 e5 31. c5 e4 32. Ba6 Nd5 33. Rhe1 Nc3+ 34. Ka1 Nxe2 35. Bxe2 d3+ 36. Ka2 dxe2 37. Rxe2 Qe6 38. Qc2 Qe5 39. Qb1 e3 0-1

[Event "Turkey Cup 2019"]
[Site "Belek"]
[Date "2019.01.28"]
[Round "2.26"]
[White "Okus, Melih"]
[Black "Ertekin, Ramazan"]
[Result "0-1"]
[WhiteElo "2073"]
[BlackElo "1738"]
[Annotator "NA"]
[PlyCount "132"]
[EventDate "2019.01.27"]
[EventType "swiss"]
[EventCountry "TUR"]
[SourceTitle "playchess.com"]
[Source "ChessBase"]
[SourceQuality "1"]

1. e4 c6 2. d4 d5 3. e5 Bf5 4. Nf3 e6 5. Be2 Ne7 6. Nbd2 Nd7 7. Nb3 c5 8. c3 c4 9. Nbd2 Nc6 10. b3 b5 11. bxc4 bxc4 12. Qa4 Rc8 13. Ba3 Nb6 14. Qa6 Bxa3 15. Qxa3 h6 16. O-O Qe7 17. Qa6 O-O 18. a4 Rc7 19. a5 Na8 20. Qb5 Rb8 21. Qa4 a6 22. Nxc4 dxc4 23. Bxc4 Nb4 24. Nd2 Rxc4 25. Nxc4 Bd3 26. Rfb1 Bxb1 27. Rxb1 Nc6 28. Rxb8+ Nxb8 29. Nd6 Qd7 30. Qb3 Nc6 31. Qc4 Nc7 32. Qc5 Ne8 33. c4 Nxd6 34. exd6 Qb7 35. h3 f6 36. d5 exd5 37. cxd5 Nb8 38. Kh2 Nd7 39. Qc7 Qb5 40. Qc8+ Kf7 41. Qd8 Nc5 42. h4 Kg6 43. Qc7 Nd7 44. Qc2+ f5 45. h5+ Kf6 46. Qc3+ Kf7 47. Qe3 Nf6 48. Qe6+ Kf8 49. Qe7+ Kg8 50. Qe6+ Kf8 51. Qe7+ Kg8 52. Qe6+ Kf8 53. Qc8+ Qe8 54. Qxa6 Ng4+ 55. Kg3 Qe5+ 56. f4 Qe3+ 57. Kh4 Qf2+ 58. Kh3 Qe3+ 59. Kh4 Qe1+ 60. Kh3 Nf2+ 61. Kh2 Qh1+ 62. Kg3 Ne4+ 63. Kf3 Qd1+ 64. Ke3 Qg1+ 65. Ke2 Qf2+ 66. Kd3 Qf1+ 0-1

[Event "Turkey Cup 2019"]
[Site "Belek"]
[Date "2019.01.28"]
[Round "2.27"]
[White "Atay, Sergen"]
[Black "Guven, Oguz Kagan"]
[Result "0-1"]
[WhiteElo "1769"]
[BlackElo "2087"]
[Annotator "NA"]
[PlyCount "56"]
[EventDate "2019.01.27"]
[EventType "swiss"]
[EventCountry "TUR"]
[SourceTitle "playchess.com"]
[Source "ChessBase"]
[SourceQuality "1"]

1. e4 c5 2. Nf3 d6 3. d4 cxd4 4. Nxd4 Nf6 5. Nc3 a6 6. Bg5 e6 7. f4 Qb6 8. Qd2 Nc6 9. O-O-O h6 10. Bxf6 gxf6 11. g4 Nxd4 12. Qxd4 Qxd4 13. Rxd4 Rg8 14. Be2 h5 15. gxh5 Bh6 16. Rf1 Ke7 17. Kd1 Bd7 18. Rd3 Rg2 19. h3 Bc6 20. Bf3 Rh2 21. Bg4 b5 22. Rd2 b4 23. Ne2 Bxe4 24. Bf3 f5 25. Bxe4 fxe4 26. Rg1 Rc8 27. c3 bxc3 28. bxc3 Rc5 0-1